| 000 | 00425nam a2200181Ia 4500 | ||
|---|---|---|---|
| 001 | 14038 | ||
| 005 | 20260306164845.0 | ||
| 008 | 260306t2022||||xx |||||||||||||| ||spa|| | ||
| 041 | _aESP | ||
| 082 |
_a006.3 _bD276 |
||
| 100 |
_aDrori, Iddo, _eAUT |
||
| 245 | 4 | _aThe science of deep learning | |
| 260 | _c2022 | ||
| 300 |
_axxii, 338 páginas : _c25 cm. |
||
| 650 | _aGEN | ||
| 654 | _aCCC | ||
| 942 |
_cLIB _dJUS _fJUS _2ddc _n |
||
| 999 |
_c14038 _d14038 |
||